[Event "POL-chT 2nd League"]
[Site "Polanica Zdroj"]
[Date "2004.09.12"]
[Round "11.35"]
[White "Jakubik, Slawomir"]
[Black "Wilczek, Hubert"]
[Result "0-1"]
[WhiteElo "2071"]
[BlackElo "2168"]
[PlyCount "57"]
[EventDate "2004.09.04"]
[EventType "team-swiss"]
[EventRounds "11"]
[EventCountry "POL"]
[SourceTitle "EXT 2019"]
[Source "ChessBase"]
[SourceDate "2018.10.10"]
[SourceVersion "1"]
[SourceVersionDate "2018.10.10"]
[SourceQuality "1"]
[WhiteTeam "Solec Kujawski"]
[BlackTeam "Pawlowice GKS Pniowek 74"]
[WhiteTeamCountry "POL"]
[BlackTeamCountry "POL"]

1. e4 e5 2. f4 exf4 3. Nf3 Be7 4. Bc4 Nf6 5. Nc3 0-0 6. 0-0 Nxe4 7. Nxe4 d5 8. Bb3 dxe4 9. Ne1 Bd6 10. Qh5 Nd7 11. d3 Nf6 12. Qa5 e3 13. Nf3 h6 14. Nh4 Kh7 15. d4 g6 16. c4 b6 17. Qe1 Nh5 18. Bc2 f5 19. b3 Qe7 20. Bb2 Bb4 21. Nxg6 Kxg6 22. Bc3 Bxc3 23. Qxc3 Qf6 24. Qd3 c5 25. d5 Bd7 26. a4 Rae8 27. a5 f3 28. axb6 axb6 29. Ra7 0-1

[Event "POL-chT 2nd League"]
[Site "Wysowa"]
[Date "2003.09.10"]
[Round "6"]
[White "Wilczek, Hubert"]
[Black "Krokay, Urszula"]
[Result "1-0"]
[WhiteElo "2169"]
[BlackElo "1953"]
[PlyCount "49"]
[EventDate "2003.09.06"]
[EventType "team-swiss"]
[EventRounds "11"]
[EventCountry "POL"]
[SourceTitle "CBM 096 Extra"]
[Source "ChessBase"]
[SourceDate "2003.10.22"]
[SourceVersion "2"]
[SourceVersionDate "2003.10.20"]
[SourceQuality "1"]
[WhiteTeam "Pawlowice GKS Pniowek 74"]
[BlackTeam "Wroclaw Srodmiescie"]
[WhiteTeamCountry "POL"]
[BlackTeamCountry "POL"]

1. e4 c5 2. Nc3 Nc6 3. g3 g6 4. Bg2 Bg7 5. d3 e6 6. Be3 d6 7. f4 Nge7 8. Nf3 0-0 9. 0-0 Nd4 10. Qd2 Nec6 11. Nd1 d5 12. Ne1 b6 13. c3 Nb5 14. e5 Bb7 15. d4 f5 16. dxc5 Nc7 17. b4 Qe7 18. Nd3 Rfc8 19. N1f2 Bf8 20. Rfb1 a5 21. b5 Nd8 22. Rc1 Ne8 23. Qe2 Qd7 24. Bf1 Rc7 25. Re1 1-0

[Event "POL-chT 58th 2nd League"]
[Site "Wisla"]
[Date "2002.??.??"]
[Round "?"]
[White "Chmielinska, Alicja"]
[Black "Wilczek, Hubert"]
[Result "0-1"]
[WhiteElo "2081"]
[BlackElo "2153"]
[PlyCount "33"]
[EventDate "2002.08.30"]
[EventType "team-swiss"]
[EventRounds "11"]
[EventCountry "POL"]
[SourceTitle "EXT 2019"]
[Source "ChessBase"]
[SourceDate "2018.10.10"]
[SourceVersion "1"]
[SourceVersionDate "2018.10.10"]
[SourceQuality "1"]
[WhiteTeam "Rybnik MKSz"]
[WhiteTeamCountry "POL"]

1. e4 e5 2. Nf3 Nf6 3. Nxe5 d6 4. Nf3 Nxe4 5. c4 Be7 6. Nc3 Nxc3 7. bxc3 0-0 8. d4 Re8 9. Be2 Nd7 10. 0-0 Nf8 11. Rb1 b6 12. Bd3 Bf6 13. Qc2 c6 14. Bf4 g6 15. a4 Ba6 16. a5 Ne6 17. g3 0-1

[Event "POL-chT Region"]
[Site "Poland"]
[Date "1999.??.??"]
[Round "?"]
[White "Zegar, Piotr"]
[Black "Wilczek, Hubert"]
[Result "1/2-1/2"]
[WhiteElo "2125"]
[BlackElo "2178"]
[PlyCount "80"]
[EventDate "1999.??.??"]
[EventType "team"]
[EventRounds "13"]
[EventCountry "POL"]
[SourceTitle "EXT 2002"]
[Source "ChessBase"]
[SourceDate "2001.11.25"]
[SourceVersion "1"]
[SourceVersionDate "2001.11.25"]
[SourceQuality "1"]

1. e4 e5 2. Nc3 Nf6 3. Bc4 Nxe4 4. Qh5 Nd6 5. Bb3 Be7 6. Nf3 Nc6 7. Nxe5 0-0 8. 0-0 Nxe5 9. Qxe5 Bf6 10. Qh5 g6 11. Qf3 Nf5 12. Nd5 Bg7 13. c3 c6 14. Ne3 d5 15. Bc2 Nd6 16. d4 f5 17. b3 Ne4 18. Bxe4 dxe4 19. Qe2 Be6 20. Nc4 b5 21. Ne5 Qd5 22. Bb2 Rab8 23. Rfe1 Rfc8 24. Rad1 c5 25. c4 bxc4 26. dxc5 Qb7 27. c6 Qe7 28. Nd7 c3 29. Ba1 Ra8 30. Qb5 Rc7 31. Ne5 a6 32. Qa5 Bxb3 33. axb3 Qxe5 34. Rd5 Qe7 35. Bxc3 Rxc6 36. Bxg7 Kxg7 37. Red1 Ra7 38. Qd2 Rcc7 39. Rd8 Qe5 40. g3 Re7 1/2-1/2

[Event "POL-chT 2nd League South"]
[Site "Wisla"]
[Date "1998.??.??"]
[Round "?"]
[White "Wilczek, Hubert"]
[Black "Jurek, Pawel"]
[Result "1/2-1/2"]
[WhiteElo "2170"]
[BlackElo "2145"]
[PlyCount "36"]
[EventDate "1998.11.20"]
[EventType "team-swiss"]
[EventRounds "10"]
[EventCountry "POL"]
[SourceTitle "EXT 2000"]
[Source "ChessBase"]
[SourceDate "1999.11.16"]
[SourceVersion "1"]
[SourceVersionDate "1999.11.16"]
[SourceQuality "1"]

1. e4 c5 2. Nf3 d6 3. d4 cxd4 4. Nxd4 Nf6 5. f3 a6 6. c4 g6 7. Be3 Bg7 8. Qd2 Nc6 9. Nc3 0-0 10. Be2 Rb8 11. 0-0 Bd7 12. Rfd1 b5 13. Rac1 Nxd4 14. Bxd4 bxc4 15. Bxc4 Bb5 16. Nxb5 axb5 17. Bf1 Nd7 18. Be3 Ne5 1/2-1/2

[Event "POL-chT 2nd League South"]
[Site "Wisla"]
[Date "1998.??.??"]
[Round "?"]
[White "Wilczek, Hubert"]
[Black "Markiewicz, Jerzy"]
[Result "0-1"]
[WhiteElo "2170"]
[BlackElo "2230"]
[PlyCount "98"]
[EventDate "1998.11.20"]
[EventType "team-swiss"]
[EventRounds "10"]
[EventCountry "POL"]
[SourceTitle "EXT 2000"]
[Source "ChessBase"]
[SourceDate "1999.11.16"]
[SourceVersion "1"]
[SourceVersionDate "1999.11.16"]
[SourceQuality "1"]

1. e4 c5 2. Nc3 Nc6 3. g3 g6 4. Bg2 Bg7 5. d3 e6 6. Be3 Nd4 7. Nce2 Ne7 8. c3 Nxe2 9. Nxe2 b6 10. 0-0 0-0 11. d4 cxd4 12. Bxd4 d6 13. Bxg7 Kxg7 14. Qd4+ e5 15. Qd3 Qc7 16. Rfd1 Rd8 17. c4 Bg4 18. f3 Be6 19. b3 Qc5+ 20. Kh1 a6 21. Nc3 Nc6 22. Rac1 Rac8 23. Bf1 h5 24. Na4 Qa5 25. Qc3 Qxc3 26. Rxc3 Rb8 27. Kg2 Nd4 28. Rd2 b5 29. Nb2 Rdc8 30. h3 f5 31. Re3 h4 32. exf5 Nxf5 33. Re1 hxg3 34. cxb5 axb5 35. f4 Rc3 36. Nd1 Nh4+ 37. Kh1 Rc5 38. Bg2 Rbc8 39. Rxd6 Rc2 40. Be4 Rh2+ 41. Kg1 Bf5 42. Bb7 Rc7 43. Bd5 exf4 44. Rf1 g5 45. Rd8 Rcc2 46. Rg8+ Kh7 47. Rxg5 Rcg2+ 48. Bxg2 Rxg2+ 49. Kh1 Be4 0-1

[Event "POL-chT disctrict"]
[Site "Slask"]
[Date "1996.??.??"]
[Round "?"]
[White "Stefanek, Piotr"]
[Black "Wilczek, Hubert"]
[Result "1/2-1/2"]
[WhiteElo "2110"]
[BlackElo "2170"]
[PlyCount "128"]
[EventDate "1996.??.??"]
[EventType "team"]
[EventRounds "12"]
[EventCountry "POL"]
[SourceTitle "EXT 2001"]
[Source "ChessBase"]
[SourceDate "2000.11.22"]
[SourceVersion "1"]
[SourceVersionDate "2000.11.22"]
[SourceQuality "1"]

1. e4 e5 2. Nf3 Nf6 3. Nxe5 d6 4. Nc4 Nxe4 5. d4 Be7 6. Bd3 d5 7. Ne3 0-0 8. Nd2 Nxd2 9. Bxd2 c6 10. 0-0 Bf6 11. c3 g6 12. Re1 Bg7 13. Ng4 Qh4 14. h3 Nd7 15. Qf3 f5 16. Ne5 Nxe5 17. dxe5 Be6 18. Qf4 Qxf4 19. Bxf4 h6 20. h4 Kf7 21. Be3 Rg8 22. f4 Bf8 23. Kf2 Be7 24. Rh1 c5 25. Ke2 c4 26. Bc2 b5 27. g3 a5 28. a3 b4 29. axb4 axb4 30. Ba4 Rgb8 31. Bc6 Rxa1 32. Rxa1 bxc3 33. bxc3 Rb2+ 34. Kf3 Rb3 35. Bd4 Bb4 36. Ra7+ Kf8 37. Ra8+ Kf7 38. Rb8 Ba5 39. Rxb3 cxb3 40. Ba4 b2 41. Bc2 Bd7 42. Ke3 Bb5 43. Bb1 Bc4 44. Kd2 Bb3 45. Kd3 Ke6 46. Bc5 Bd1 47. Kd2 Bb3 48. Ba3 Bb6 49. Ke1 Be3 50. Bxb2 g5 51. fxg5 hxg5 52. Ke2 Bc5 53. hxg5 Kxe5 54. Bc1 Ke6 55. Bf4 Bf8 56. Be3 Bd6 57. Kf2 Bd1 58. Ba2 Bc2 59. c4 dxc4 60. Bxc4+ Ke7 61. Bf4 Bc5+ 62. Ke2 Bd4 63. g6 Kf6 64. Bf7 Kg7 1/2-1/2

[Event "POL-chT disctrict"]
[Site "Slask"]
[Date "1996.??.??"]
[Round "?"]
[White "Waglorz, Janusz"]
[Black "Wilczek, Hubert"]
[Result "1/2-1/2"]
[WhiteElo "2155"]
[BlackElo "2170"]
[PlyCount "62"]
[EventDate "1996.??.??"]
[EventType "team"]
[EventRounds "12"]
[EventCountry "POL"]
[SourceTitle "EXT 2001"]
[Source "ChessBase"]
[SourceDate "2000.11.22"]
[SourceVersion "1"]
[SourceVersionDate "2000.11.22"]
[SourceQuality "1"]

1. e4 e5 2. Nf3 Nf6 3. Nxe5 d6 4. Nf3 Nxe4 5. d4 d5 6. Bd3 Bd6 7. 0-0 0-0 8. c4 c6 9. Nc3 Nxc3 10. bxc3 dxc4 11. Bxc4 Bg4 12. Qd3 Nd7 13. h3 Bh5 14. Bg5 Qa5 15. g4 Bg6 16. Qd2 Nb6 17. Bb3 Nd5 18. Rac1 Ba3 19. Nh4 Bxc1 20. Rxc1 Rae8 21. Nf5 Bxf5 22. gxf5 Kh8 23. Qd3 f6 24. Bd2 Ne7 25. Be6 Qa3 26. Kh1 Qd6 27. Rg1 g6 28. Bh6 Nxf5 29. Qxf5 Rxe6 30. Bxf8 gxf5 31. Bxd6 Rxd6 1/2-1/2